Регионална библиотека "Любен Каравелов" - Русе

Пътуване през времето : Т. 1 - (Запис номер 526575)

MARC детайли
000 -Лидер
Лидер 01040nam a2200265 c 4500
003 - Код на организацията, давaща контролен номер
Код на организацията, даваща контролен номер BLK
005 - Дата и час на последна редакция
Дата и час на последна редакция 20250422132806.0
008 - Елементи от данни с фиксирана дължина
Елементи с фиксирана дължина 180408b bul|||||r ||||||| ||bul||
020 ## - Международен стандартен номер на книга ISBN
ISBN 9786197516555
040 ## - Източник на каталожния запис
Код на библиотеката BLK
041 ## - Код за език
Език Български
Език за КДБФ Български
080 ## - УДК
УДК текст Френска литература
УДК код 821.133.1
УДК – код + определител 821.133.1-31
084 ## - Класификационен индекс по друга класификация
Авторски знак Шми - Ш 77
100 ## - Редна дума - Автор
Автор Шмит, Ерик-Еманюел
R(LIN) 284862
245 10 - Сведения за заглавието
Заглавие Пътуване през времето : Т. 1 -
Авторска отговорност Ерик-Еманюел Шмит; прев. от фр. Дияна Марчева
Том Т. 4.
Заглавие на том Светлината на щастието
260 ## - Област на издателските данни
9 (RLIN) 209808
Място на издаване София
Име на издателя Леге Артис
Година на издаване 2024
300 ## - Физическа характеристика
Брой страници 568 с.
Размер 21 см
380 ## - Жанр
Жанр Худож. лит.
490 ## - СЕРИИ (Колекции)
Серия Безкрайна проза
9 (RLIN) 201293
700 ## - Други автори (авторска отговорност)
Друг автор Марчева, Дияна Димитрова
9 (RLIN) 369184
852 ## - Местоположение
Отдел Заемна - подръчен фонд
Систематично-азбучна сигнатура 821-31/Ш 77 Е
942 ## - АРТИКУЛИ
Вид на библиотечния документ Книги
Скрит в OPAC Не
Koha issues (borrowed), all copies 16
Периодичен библиозапис Да
944 ## - СЪЗДАВАНЕ И РЕДАКЦИЯ на ЗАПИСА
Дата на регистрацията/редакция Нора Радева
Служител, извършил регистрацията/редакцията 30531
Създаване/Редакция
Номер на служител Цветелина Шанова
999 ## - СИСТЕМНИ КОНТРОЛНИ НОМЕРА
Koha biblionumber 526575
Koha biblioitemnumber 526575
Наличности
Код за отписване Код за изгубен артикул Източник на класификационната схема Код за повреда Код за отдаване Артикулен № Име на библиотеката - собственик Име на библиотеката, в която се намира в момента Статус (Текущо местоположение) Дата на вписване в системата Местоположение - отдел Цена в лева Инвентарен номер Систематично азбучна сигнатура Баркод Цена в евро Служебен тип на артикула
  Не е изгубен Universal Decimal Classification Не е повреден заемане за дома 960509 Регионална библиотека "Любен Каравелов" Русе Регионална библиотека "Любен Каравелов" Русе Заемна - подръчен фонд 2025-02-07 Заемна - подръчен фонд 27.00 120000917688 821-31/Ш 77 Е 120000917688 13.80 Книги
Vip Innovations Ltd, Rousse, Bulgaria 2025